000 00587nam a2200241Ia 4500
003 OSt
005 20221005122851.0
006 a|||||r|||| 00| 0
007 ta
008 221004b |||||||| |||| 00| 0 tam d
024 _a46873
037 _cTextual
040 _aCRL
_cCRL
_btam
041 _2tam
_atam
082 _aO31,6N32x, L0
100 _aSaurirajan
_9632753
245 0 _aKatturai manigal
260 _c1970
300 _a120p.
_ccm.
650 _aTAMIL LITERATURE
942 _hO31,6N32x, L0
_cTEXL
_2cc
999 _c1045660
_d1045660